[Event "Mostoles op 7th"]
[Site "Mostoles "]
[Date "2014.07.21"]
[Round "6"]
[White "Caballero Gallego, Luis"]
[Black "Lopez de Turiso, Jose Angel"]
[Result "0-1"]
[WhiteElo "1916"]
[BlackElo "2165"]
[PlyCount "80"]
[EventDate "2014.07.16"]
[EventType "swiss"]
[EventRounds "9"]
[EventCountry "ESP"]
[SourceTitle "EXT 2015"]
[Source "ChessBase"]
[SourceDate "2014.11.20"]
[SourceVersion "1"]
[SourceVersionDate "2014.11.20"]
[SourceQuality "1"]

1. b3 e5 2. Bb2 d6 3. e3 Nd7 4. d4 g6 5. c4 Bg7 6. g3 f5 7. Bg2 Ne7 8. Ne2 0-0 9. 0-0 Qe8 10. Nbc3 a6 11. Qd2 g5 12. f4 Qh5 13. Rad1 Rb8 14. a4 h6 15. Ba3 e4 16. b4 Nb6 17. Qa2 Be6 18. d5 Bf7 19. a5 Nd7 20. c5 dxc5 21. bxc5 c6 22. Qd2 Bxd5 23. Nd4 Bc4 24. Rf2 Nf6 25. Bf1 Bf7 26. Na4 Nfd5 27. Nb2 gxf4 28. gxf4 Kh7 29. Kh1 Rg8 30. Rg2 Bf6 31. Nc4 Rxg2 32. Bxg2 Nc3 33. Rc1 Bxc4 34. Rxc3 Bd3 35. Rc1 Nd5 36. Bb2 Rg8 37. Kg1 Qh3 38. Kh1 Qxe3 39. Qxe3 Nxe3 40. Nxf5 Bxb2 0-1

[Event "Madrid San Viator op 22nd"]
[Site "Madrid"]
[Date "2014.03.30"]
[Round "2"]
[White "Caballero Gallego, Luis"]
[Black "Campo Garcia, Carlos"]
[Result "1-0"]
[WhiteElo "1880"]
[BlackElo "1769"]
[PlyCount "93"]
[EventDate "2014.03.23"]
[EventType "swiss"]
[EventRounds "9"]
[EventCountry "ESP"]
[SourceTitle "EXT 2015"]
[Source "ChessBase"]
[SourceDate "2014.11.20"]
[SourceVersion "1"]
[SourceVersionDate "2014.11.20"]
[SourceQuality "1"]

1. d4 Nf6 2. c4 e6 3. Nc3 Bb4 4. Qc2 Nc6 5. Nf3 d6 6. Bg5 h6 7. Bh4 g5 8. Bg3 g4 9. Nd2 Nxd4 10. Qd3 e5 11. 0-0-0 Nf5 12. f3 Nxg3 13. hxg3 Bd7 14. e4 Bxc3 15. Qxc3 Qe7 16. c5 d5 17. b4 dxe4 18. fxe4 a6 19. Bc4 Bb5 20. Rhf1 Bxc4 21. Nxc4 Nd7 22. Rd5 f6 23. Ne3 0-0-0 24. Nf5 Qe6 25. Qd2 Nb8 26. Rd1 Nc6 27. a3 Rxd5 28. Qxd5 Qxd5 29. exd5 Nb8 30. d6 Kd7 31. Kc2 h5 32. Kc3 Rg8 33. a4 Rg5 34. Ne7 Nc6 35. Nd5 Rf5 36. dxc7 Rf2 37. b5 axb5 38. axb5 Na7 39. b6 Nc8 40. Ne7+ Kxe7 41. Rd8 Rxg2 42. Rxc8 Rxg3+ 43. Kb4 h4 44. Rh8 h3 45. Rh7+ Ke6 46. c8Q+ Kd5 47. Qf5 1-0

[Event "Madrid San Viator op 22nd"]
[Site "Madrid"]
[Date "2014.03.23"]
[Round "1"]
[White "Bermejo Arruego, Luis"]
[Black "Caballero Gallego, Luis"]
[Result "1-0"]
[WhiteElo "2175"]
[BlackElo "1880"]
[PlyCount "49"]
[EventDate "2014.03.23"]
[EventType "swiss"]
[EventRounds "9"]
[EventCountry "ESP"]
[SourceTitle "EXT 2015"]
[Source "ChessBase"]
[SourceDate "2014.11.20"]
[SourceVersion "1"]
[SourceVersionDate "2014.11.20"]
[SourceQuality "1"]

1. d4 Nf6 2. Nf3 g6 3. Nc3 d5 4. Bf4 c6 5. e3 Bg7 6. Be2 0-0 7. Ne5 Nbd7 8. h4 h5 9. Qd2 Nxe5 10. Bxe5 b5 11. f3 b4 12. Na4 a5 13. 0-0-0 Ba6 14. g4 hxg4 15. Bxa6 Rxa6 16. Bxf6 Bxf6 17. fxg4 e5 18. g5 Be7 19. dxe5 Qb8 20. e6 Qb5 21. exf7+ Rxf7 22. b3 Ra8 23. h5 Bxg5 24. hxg6 Rf3 25. Qh2 1-0

[Event "Madrid Low cost Cup"]
[Site "Madrid"]
[Date "2009.08.06"]
[Round "4"]
[White "Garcia Amodia, Daniel"]
[Black "Caballero Gallego, Luis"]
[Result "0-1"]
[WhiteElo "1976"]
[BlackElo "1908"]
[PlyCount "66"]
[EventDate "2009.08.03"]
[EventType "swiss"]
[EventRounds "8"]
[EventCountry "ESP"]
[SourceTitle "CBM 131 Extra"]
[Source "ChessBase"]
[SourceDate "2009.09.03"]
[SourceVersion "2"]
[SourceVersionDate "2009.09.16"]
[SourceQuality "1"]

1. e4 c5 2. Nf3 d6 3. d4 cxd4 4. Nxd4 Nf6 5. Nc3 a6 6. a4 e5 7. Nb3 Be6 8. Bg5 Nbd7 9. Bd3 Be7 10. 0-0 d5 11. exd5 Nxd5 12. Bxe7 Nxc3 13. Bxd8 Nxd1 14. Raxd1 Rxd8 15. Nc1 Nc5 16. b3 Ke7 17. Rfe1 f6 18. f3 Rd6 19. Be2 Rhd8 20. Rxd6 Rxd6 21. Nd3 Nxd3 22. Bxd3 Bxb3 23. Rb1 Bxa4 24. Rxb7+ Rd7 25. Bxa6 Rxb7 26. Bxb7 Bxc2 27. Kf2 f5 28. g3 g5 29. f4 h6 30. Ke3 Kd6 31. h4 exf4+ 32. gxf4 gxh4 33. Bf3 h3 0-1

[Event "Madrid San Viator 6th"]
[Site "Madrid"]
[Date "2006.10.08"]
[Round "2.3"]
[White "Caballero Gallego, Luis"]
[Black "Fernandez del Rio, Sergio"]
[Result "1/2-1/2"]
[WhiteElo "1860"]
[BlackElo "1988"]
[PlyCount "97"]
[EventDate "2006.10.01"]
[EventType "swiss"]
[EventRounds "9"]
[EventCountry "ESP"]
[SourceTitle "EXT 2024"]
[Source "ChessBase"]
[SourceDate "2023.10.10"]
[SourceVersion "1"]
[SourceVersionDate "2023.10.10"]
[SourceQuality "1"]

1. e4 c5 2. Nf3 d6 3. d4 cxd4 4. Nxd4 a6 5. Nc3 Nf6 6. Be3 e5 7. Nb3 Be7 8. f3 Be6 9. g4 Nc6 10. Qd2 0-0 11. Nd5 Rc8 12. 0-0-0 a5 13. Bb6 Qd7 14. Bb5 Bd8 15. Kb1 Bxd5 16. Bxd8 Bxb3 17. Bxf6 Bxc2+ 18. Qxc2 gxf6 19. Qd2 Qe6 20. Qxd6 Qxd6 21. Rxd6 Nd4 22. Ba4 b5 23. Bb3 Nxf3 24. Rf1 Ng5 25. Bd5 Rcd8 26. Rdxf6 Rxd5 27. exd5 Ne4 28. Kc2 Nxf6 29. Rxf6 Rd8 30. d6 Rc8+ 31. Kd3 Rc4 32. Rf5 Rd4+ 33. Ke3 Rxd6 34. Rxe5 Rh6 35. Rxb5 Rxh2 36. Kd3 a4 37. a3 Kg7 38. Kc3 Kg6 39. Rb4 Rh3+ 40. Kc4 Kg5 41. Kb5 Rh4 42. Kxa4 Rxg4 43. Rxg4+ Kxg4 44. b4 f5 45. b5 f4 46. b6 f3 47. b7 f2 48. b8Q f1Q 49. Qg8+ 1/2-1/2

[Event "Madrid San Viator 5th"]
[Site "Madrid"]
[Date "2006.05.14"]
[Round "2.4"]
[White "De Paola Schettino, Luis"]
[Black "Caballero Gallego, Luis"]
[Result "1-0"]
[WhiteElo "1953"]
[BlackElo "1800"]
[PlyCount "51"]
[EventDate "2006.05.07"]
[EventType "swiss"]
[EventRounds "9"]
[EventCountry "ESP"]
[SourceTitle "EXT 2024"]
[Source "ChessBase"]
[SourceDate "2023.10.10"]
[SourceVersion "1"]
[SourceVersionDate "2023.10.10"]
[SourceQuality "1"]

1. d4 Nf6 2. Nf3 g6 3. c4 Bg7 4. Nc3 0-0 5. Bf4 d6 6. h3 Nbd7 7. e3 c5 8. Be2 a6 9. 0-0 Nh5 10. Bh2 h6 11. Rc1 f5 12. Nh4 Qe8 13. Nxg6 Qxg6 14. Bxh5 Qh7 15. Nd5 Bh8 16. Nf4 Nf6 17. Bf3 Ra7 18. dxc5 dxc5 19. Nd5 e6 20. Nb6 Nd7 21. Qb3 Ne5 22. Bxe5 Bxe5 23. Nxc8 Rxc8 24. Qb6 Qe7 25. Qxa7 Rb8 26. Qb6 1-0